| 000 | 00410nam a22001577a 4500 | ||
|---|---|---|---|
| 020 | _a9789380417264 | ||
| 082 |
_aH 891.430 7 _bVID/A |
||
| 100 | _aVidya Shree | ||
| 245 |
_aAdhunik Hindi sahitya mein janvadi chetna/ _cby Vidya Shree |
||
| 260 |
_aKanpur: _bAman Prakasan, _c2010. |
||
| 300 | _a232p. | ||
| 650 | _aLiterature Hindi Study | ||
| 650 | _aLiterature Hindi | ||
| 650 | _aLiterature | ||
| 942 | _cBK | ||
| 999 |
_c71880 _d71880 |
||